|
|
|
|
| LEADER |
00000cab a2200000 a 4500 |
| 001 |
026794 |
| 003 |
UAHC_CL |
| 005 |
20180816120808.0 |
| 008 |
030131b xx j 000 1 spa |
| 952 |
|
|
|0 0
|1 0
|2 ddc
|4 0
|6 CALID___EDUC__23_05_000000000000000
|7 0
|8 COMP
|9 53696
|a BC
|b BC
|c General
|d 2017-08-03
|l 0
|o CALID. EDUC. -23/05
|r 2018-01-17 00:00:00
|w 2017-08-03
|y REVA
|
| 999 |
|
|
|c 26794
|d 26794
|
| 040 |
|
|
|a UAHC_CL
|c UAHC_CL
|d UAHC_CL
|
| 100 |
1 |
|
|a Parker, Andrew
|
| 245 |
1 |
0 |
|a Reino Unido :
|b la educación superior en la Edad Moderna /
|c Andrew Parker, Michael Neary, Cath Lambert.
|
| 300 |
|
|
|a p. 319-334
|
| 500 |
|
|
|a En: Calidad de la educación, 2005, no.23, p.319-334. ISSN 0717-4004.
|
| 700 |
1 |
|
|a Neary, Michael
|
| 700 |
1 |
|
|a Lambert, Cath
|
| 773 |
0 |
|
|t Calidad en la educación.
|w 026760
|
| 900 |
|
|
|a CALID. EDUC. -23/05
|
| 942 |
|
|
|c REVA
|2 ddc
|